000 00217nam a2200085Ia 4500
008 170617s9999 xx 000 0 und d
100 _aMITHAL- B. M.
245 0 _aA. T. .B. OF PHARMACEUTICAL FORMULATION
260 _bDELHI- VALLABH
260 _c2011
999 _c15540
_d15540